[Event "87o Campeonato Brasileiro Absoluto Final Aberta"]
[Site "Cuiaba MT"]
[Date "2021.11.02"]
[Round "8"]
[Board "2"]
[White "Quintiliano Pinto, Renato R."]
[Black "Mekhitarian, Krikor Sevag"]
[Result "1/2-1/2"]
[WhiteElo "2469"]
[BlackElo "2560"]
[PlyCount "53"]
[EventDate "2021.10.28"]
[EventRounds "11"]
[EventCountry "BRA"]

1. d4 Nf6 2. c4 e6 3. Nf3 b6 4. g3 Ba6 5. b3 Bb4+ 6. Bd2 Be7 7. Nc3 O-O 8. Bg2
c6 9. e4 d5 10. exd5 cxd5 11. Ne5 Bb7 12. O-O Nc6 13. Bf4 Rc8 14. Rc1 Ba3 15.
Rc2 a6 16. Bg5 Be7 17. Re1 h6 18. Be3 Ba8 19. Nxc6 Bxc6 20. cxd5 exd5 21. Qd3
b5 22. Ne2 Bb7 23. Rec1 Rxc2 24. Rxc2 Bd6 25. Bf4 Re8 26. Bxd6 Qxd6 27. h3
 1/2-1/2

[Event "87o Campeonato Brasileiro Absoluto Final Aberta"]
[Site "Cuiaba MT"]
[Date "2021.11.02"]
[Round "8"]
[Board "3"]
[White "Labussiere, Victor"]
[Black "Cadilhac, Igor Tokuichi Kikuchi"]
[Result "1/2-1/2"]
[WhiteElo "2291"]
[BlackElo "2323"]
[PlyCount "55"]
[EventDate "2021.10.28"]
[EventRounds "11"]
[EventCountry "BRA"]

1. c4 e6 2. g3 Nf6 3. Bg2 d5 4. Nf3 dxc4 5. Qa4+ Bd7 6. Qxc4 c5 7. Ne5 Qc8 8.
O-O Nc6 9. Nxd7 Nxd7 10. Nc3 Be7 11. d3 O-O 12. Be3 Nde5 13. Qa4 Rd8 14. Rfc1
Nd4 15. b4 Ng4 16. Bxd4 Rxd4 17. a3 Bg5 18. Rc2 cxb4 19. Nb5 Qd8 20. Bxb7 Qf6
21. Rf1 Qh6 22. h4 Bxh4 23. Nxd4 Bxg3 24. Nf3 Qh3 25. fxg3 Qxg3+ 26. Kh1 Qh3+
27. Kg1 Qg3+ 28. Kh1  1/2-1/2

[Event "87o Campeonato Brasileiro Absoluto Final Aberta"]
[Site "Cuiaba MT"]
[Date "2021.11.02"]
[Round "8"]
[Board "4"]
[White "Fier, Alexandr"]
[Black "Aranha Filho, Alvaro Z."]
[Result "1-0"]
[WhiteElo "2563"]
[BlackElo "2236"]
[PlyCount "85"]
[EventDate "2021.10.28"]
[EventRounds "11"]
[EventCountry "BRA"]

1. e4 e5 2. Nf3 Nf6 3. Nxe5 d6 4. Nf3 Nxe4 5. Bd3 Nf6 6. h3 Be7 7. O-O O-O 8.
c3 b6 9. Bc2 Bb7 10. d4 Nbd7 11. a4 Re8 12. a5 bxa5 13. Nbd2 Nb6 14. Rxa5 c5
15. Nb3 Qc7 16. Ra1 c4 17. Nbd2 Bf8 18. Nb1 Be4 19. Bf4 Qb7 20. Nbd2 Bc6 21.
Bg3 g6 22. Ra5 Bd5 23. Re1 Nh5 24. Bh2 Qc6 25. Rxe8 Qxe8 26. Nf1 Qc6 27. N3d2
Bh6 28. Ne3 Bxe3 29. fxe3 f5 30. Bxf5 Qe8 31. e4 gxf5 32. exd5 Qe3+ 33. Kh1
Ng3+ 34. Bxg3 Qxg3 35. Qf3 Qe1+ 36. Nf1 Qb1 37. Kh2 Qxb2 38. Ng3 Qd2 39. Qxf5
Qxc3 40. Qe6+ Kf8 41. Nf5 Nc8 42. Nh6 Kg7 43. Qf7+  1-0

[Event "87o Campeonato Brasileiro Absoluto Final Aberta"]
[Site "Cuiaba MT"]
[Date "2021.11.02"]
[Round "8"]
[Board "5"]
[White "Nemeth Junior, Henrique"]
[Black "Lima, Darcy"]
[Result "0-1"]
[WhiteElo "2056"]
[BlackElo "2508"]
[PlyCount "72"]
[EventDate "2021.10.28"]
[EventRounds "11"]
[EventCountry "BRA"]

1. c4 c5 2. Nc3 g6 3. Nf3 Bg7 4. e3 Nf6 5. d4 O-O 6. d5 d6 7. Be2 e6 8. e4 exd5
9. exd5 Bf5 10. O-O Ne4 11. Nxe4 Bxe4 12. Ng5 Bf5 13. g4 Bc8 14. Bf4 Nd7 15.
Qd3 Ne5 16. Qh3 h6 17. Bxe5 hxg5 18. Bc3 Bd7 19. Rae1 Re8 20. f4 Bxc3 21. bxc3
Re4 22. Bd3 Rxe1 23. Rxe1 gxf4 24. Qh6 Qf6 25. Rf1 Re8 26. Rxf4 Qxc3 27. Rxf7
Kxf7 28. Bxg6+ Ke7 29. Bxe8 Qd4+ 30. Kf1 Qxc4+ 31. Kf2 Qd4+ 32. Kf1 Kxe8 33.
Qxd6 Bb5+ 34. Kg2 Qd2+ 35. Kg3 Qe3+ 36. Kh4 Qe7+  0-1

[Event "87o Campeonato Brasileiro Absoluto Final Aberta"]
[Site "Cuiaba MT"]
[Date "2021.11.02"]
[Round "8"]
[Board "6"]
[White "Bittencourt, Jorge"]
[Black "Di Berardino, Diego Rafael"]
[Result "1/2-1/2"]
[WhiteElo "2414"]
[BlackElo "2471"]
[PlyCount "20"]
[EventDate "2021.10.28"]
[EventRounds "11"]
[EventCountry "BRA"]

1. d4 Nf6 2. c4 e6 3. Nf3 Bb4+ 4. Bd2 a5 5. a3 Bxd2+ 6. Qxd2 b6 7. Nc3 Bb7 8.
Qf4 d5 9. cxd5 exd5 10. Qe5+ Kf8  1/2-1/2

[Event "87o Campeonato Brasileiro Absoluto Final Aberta"]
[Site "Cuiaba MT"]
[Date "2021.11.02"]
[Round "8"]
[Board "8"]
[White "Umetsubo, Cesar Hidemitsu"]
[Black "Marra, Eduardo Da Costa"]
[Result "1/2-1/2"]
[WhiteElo "2379"]
[BlackElo "2200"]
[PlyCount "99"]
[EventDate "2021.10.28"]
[EventRounds "11"]
[EventCountry "BRA"]

1. d4 Nf6 2. c4 e6 3. Nc3 Bb4 4. Qc2 O-O 5. a3 Bxc3+ 6. Qxc3 d5 7. e3 Ne4 8.
Qc2 c5 9. dxc5 a5 10. cxd5 exd5 11. Nf3 Nd7 12. Nd4 a4 13. Bb5 Ndxc5 14. O-O
Qb6 15. Rd1 Be6 16. Qe2 Nd6 17. Bd3 Nxd3 18. Qxd3 Nc4 19. Rb1 Rfc8 20. Bd2 Nxd2
21. Rxd2 Rc4 22. h3 Rac8 23. Ne2 R4c5 24. Rbd1 h6 25. Qd4 Qb3 26. Nf4 Qb5 27.
Qe5 Qc6 28. Nh5 f6 29. Qg3 Rc7 30. Nxf6+ Kh8 31. Nh5 d4 32. Qh4 Bb3 33. Rf1 Bc4
34. Re1 d3 35. e4 Qd6 36. Ng3 Be6 37. Re3 Rc1+ 38. Kh2 Bc4 39. e5 Qe7 40. Qe4
Bb5 41. Nf5 Qc5 42. e6 Rc2 43. Rd1 Rxf2 44. e7 Qxf5 45. Qxf5 Rxf5 46. e8=Q+
Bxe8 47. Rxe8+ Kh7 48. Rxd3 Rf2 49. Re4 Rxb2 50. Rxa4  1/2-1/2

[Event "87o Campeonato Brasileiro Absoluto Final Aberta"]
[Site "Cuiaba MT"]
[Date "2021.11.02"]
[Round "8"]
[Board "10"]
[White "Proudian, Armen"]
[Black "Jordao Barbosa, Marcio"]
[Result "1-0"]
[WhiteElo "2427"]
[BlackElo "2183"]
[PlyCount "63"]
[EventDate "2021.10.28"]
[EventRounds "11"]
[EventCountry "BRA"]

1. e4 e6 2. d4 d5 3. Nd2 c5 4. exd5 Qxd5 5. Ngf3 cxd4 6. Bc4 Qd6 7. O-O Nf6 8.
Nb3 Nc6 9. Nbxd4 Nxd4 10. Nxd4 a6 11. Re1 Be7 12. c3 O-O 13. Qf3 Qc5 14. Bb3
Qh5 15. Nf5 Bc5 16. Nh6+ Kh8 17. Qxh5 Nxh5 18. Re5 b6 19. Rxh5 gxh6 20. Bxh6
Rg8 21. Bg5 Rg6 22. Bc2 f5 23. Rd1 Kg7 24. b4 Bf8 25. Rd8 a5 26. bxa5 bxa5 27.
g4 Bc5 28. gxf5 exf5 29. Bxf5 Bxf5 30. Rxa8 Bg4 31. Bh6+ Kf7 32. Rg5  1-0

[Event "87o Campeonato Brasileiro Absoluto Final Aberta"]
[Site "Cuiaba MT"]
[Date "2021.11.02"]
[Round "8"]
[Board "11"]
[White "Uczai, Joao Pedro Filimberti"]
[Black "Rodrigues, Edgar"]
[Result "0-1"]
[WhiteElo "2058"]
[BlackElo "2339"]
[PlyCount "103"]
[EventDate "2021.10.28"]
[EventRounds "11"]
[EventCountry "BRA"]

1. e4 Nf6 2. e5 Nd5 3. d4 d6 4. Nf3 Bg4 5. Be2 e6 6. O-O Nc6 7. c4 Nb6 8. Nc3
Be7 9. Be3 O-O 10. exd6 cxd6 11. d5 Bxf3 12. Bxf3 Ne5 13. b3 Nxf3+ 14. Qxf3 e5
15. Qe2 f5 16. f3 Nd7 17. Qd3 Rc8 18. Rac1 a6 19. Kh1 Bg5 20. Rfe1 Bxe3 21.
Qxe3 Qh4 22. Rg1 Rf6 23. g4 Rcf8 24. g5 R6f7 25. Rg2 g6 26. Qd2 Re8 27. Ne2 e4
28. f4 e3 29. Qd4 Re4 30. Qa7 Rxf4 31. Qxe3 Re4 32. Qg3 Rfe7 33. Rf1 Qxg3 34.
Nxg3 Re3 35. Rff2 Re1+ 36. Rg1 R1e5 37. Rgg2 Nc5 38. Rf1 b5 39. Kg1 b4 40. Rff2
Nd3 41. Re2 Nf4 42. Rxe5 Rxe5 43. Rc2 Nh3+ 44. Kg2 Nxg5 45. c5 dxc5 46. Rxc5 f4
47. h4 Ne6 48. Rc8+ Nf8 49. d6 Kf7 50. Nf1 Ne6 51. Kf3 Rd5 52. Rc6  0-1

[Event "87o Campeonato Brasileiro Absoluto Final Aberta"]
[Site "Cuiaba MT"]
[Date "2021.11.02"]
[Round "8"]
[Board "12"]
[White "Oliveira, Silvio Eduardo"]
[Black "Do Nascimento, Christian Almeida"]
[Result "1-0"]
[WhiteElo "2321"]
[BlackElo "2037"]
[PlyCount "45"]
[EventDate "2021.10.28"]
[EventRounds "11"]
[EventCountry "BRA"]

1. e4 c5 2. Nf3 g6 3. d4 cxd4 4. Nxd4 Bg7 5. c4 Nc6 6. Be3 Nh6 7. h3 O-O 8.
Nxc6 dxc6 9. Qc1 Qa5+ 10. Nc3 Qh5 11. Be2 Bg4 12. f3 Be6 13. g4 Qe5 14. Bxh6
Qg3+ 15. Kf1 Bxc4 16. Qf4 Bxe2+ 17. Nxe2 Qxf4 18. Bxf4 f5 19. gxf5 gxf5 20. e5
Rad8 21. Rg1 Kf7 22. e6+ Kf6 23. Re1  1-0

[Event "87o Campeonato Brasileiro Absoluto Final Aberta"]
[Site "Cuiaba MT"]
[Date "2021.11.02"]
[Round "8"]
[Board "13"]
[White "Pereira, Geanfrancesco"]
[Black "Filgueiras, Nathan Felipe"]
[Result "0-1"]
[WhiteElo "2023"]
[BlackElo "2312"]
[PlyCount "40"]
[EventDate "2021.10.28"]
[EventRounds "11"]
[EventCountry "BRA"]

1. e4 e5 2. Bc4 Nf6 3. Nc3 Nc6 4. d3 Bc5 5. f4 Bxg1 6. Rxg1 d5 7. Nxd5 Nxd5 8.
Bxd5 Nd4 9. Qh5 O-O 10. Kd2 exf4 11. c3 c6 12. Bb3 Nxb3+ 13. axb3 Qb6 14. Rf1
Qxb3 15. Rxf4 Be6 16. Rh4 h6 17. Ra5 Qb6 18. Qc5 Qd8 19. Qh5 f5 20. Ke2 Bf7  0-1

[Event "87o Campeonato Brasileiro Absoluto Final Aberta"]
[Site "Cuiaba MT"]
[Date "2021.11.02"]
[Round "8"]
[Board "14"]
[White "Dos Anjos, Avner Augusto"]
[Black "Cunha, Lucas Aguiar"]
[Result "0-1"]
[WhiteElo "1923"]
[BlackElo "2290"]
[PlyCount "76"]
[EventDate "2021.10.28"]
[EventRounds "11"]
[EventCountry "BRA"]

1. e4 c5 2. Nf3 e6 3. d4 cxd4 4. Nxd4 Nc6 5. Nc3 Qc7 6. Be3 a6 7. Qf3 Nf6 8.
O-O-O Nxd4 9. Bxd4 e5 10. Be3 h6 11. Kb1 d6 12. h3 Be6 13. g4 Rc8 14. Bd3 Be7
15. Nd5 Nxd5 16. exd5 Bd7 17. h4 g6 18. h5 g5 19. Bf5 Bxf5 20. Qxf5 Qd7 21.
Qxd7+ Kxd7 22. b3 b5 23. Rh3 f5 24. gxf5 Rhf8 25. f6 Bxf6 26. Rc1 e4 27. Rg3
Bc3 28. Rg4 Rce8 29. Rd1 Rf5 30. a3 a5 31. Bb6 Kc8 32. a4 b4 33. Rg3 Ree5 34.
Rxc3+ bxc3 35. Bxa5 Rxd5 36. Rxd5 Rxd5 37. Bxc3 g4 38. Kc1 e3  0-1

[Event "87o Campeonato Brasileiro Absoluto Final Aberta"]
[Site "Cuiaba MT"]
[Date "2021.11.02"]
[Round "8"]
[Board "15"]
[White "Almeida Junior, Alvaro Alves De"]
[Black "Barbosa, Evandro Amorim"]
[Result "1/2-1/2"]
[WhiteElo "2106"]
[BlackElo "2509"]
[PlyCount "68"]
[EventDate "2021.10.28"]
[EventRounds "11"]
[EventCountry "BRA"]

1. e4 c5 2. Nf3 e6 3. d4 cxd4 4. Nxd4 Nc6 5. Nc3 Qc7 6. Ndb5 Qb8 7. Be3 Nf6 8.
f4 d6 9. Qf3 a6 10. Nd4 Be7 11. g4 Nxd4 12. Bxd4 e5 13. g5 exd4 14. gxf6 dxc3
15. fxe7 cxb2 16. Rb1 Qc7 17. Rxb2 Qxe7 18. Bd3 Qf6 19. Rb1 Qc3+ 20. Ke2 Qf6
21. Rb6 O-O 22. Rg1 Qe7 23. f5 f6 24. Bc4+ Kh8 25. Bd5 Rb8 26. Kd1 Bd7 27. Qb3
Bb5 28. Rg3 h6 29. Rh3 Qe5 30. Qe3 Kh7 31. Qg3 Qd4+ 32. Kc1 Qa1+ 33. Kd2 Qd4+
34. Kc1 Qa1+  1/2-1/2

[Event "87o Campeonato Brasileiro Absoluto Final Aberta"]
[Site "Cuiaba MT"]
[Date "2021.11.02"]
[Round "8"]
[Board "16"]
[White "Soares, Joao Carlos T. C."]
[Black "Limp, Eduardo Thelio"]
[Result "1/2-1/2"]
[WhiteElo "2056"]
[BlackElo "2364"]
[PlyCount "53"]
[EventDate "2021.10.28"]
[EventRounds "11"]
[EventCountry "BRA"]

1. d4 d5 2. c4 e6 3. Nc3 Bb4 4. cxd5 exd5 5. Qc2 Ne7 6. a3 Bd6 7. Bg5 f6 8. Bh4
Nbc6 9. e3 Bf5 10. Bd3 Bxd3 11. Qxd3 Qd7 12. Nge2 a6 13. b4 O-O 14. O-O Na7 15.
Bg3 Bxg3 16. Nxg3 Nb5 17. a4 Nxc3 18. Qxc3 c6 19. Ne2 Nf5 20. Nf4 Nd6 21. Nd3
Rae8 22. Nc5 Qf7 23. Rfe1 Re7 24. Ra2 Rfe8 25. Rae2 f5 26. Nd3 Nc4 27. Nc5
 1/2-1/2

[Event "87o Campeonato Brasileiro Absoluto Final Aberta"]
[Site "Cuiaba MT"]
[Date "2021.11.02"]
[Round "8"]
[Board "17"]
[White "Nogueira, Ivan Kuhlmann"]
[Black "Araujo, Everson De Moura"]
[Result "0-1"]
[WhiteElo "2237"]
[BlackElo "1965"]
[PlyCount "96"]
[EventDate "2021.10.28"]
[EventRounds "11"]
[EventCountry "BRA"]

1. e4 c5 2. Nf3 e6 3. d4 cxd4 4. Nxd4 Nc6 5. g3 Qc7 6. Nb5 Qb8 7. Bf4 e5 8. Be3
a6 9. N5c3 Nf6 10. Bb6 d6 11. Na3 Be7 12. Nc4 Be6 13. Nd5 Bxd5 14. exd5 Na7 15.
a4 O-O 16. a5 Qc8 17. Ra4 Qf5 18. Ne3 Qd7 19. Rb4 Nc8 20. Nc4 Qf5 21. Bg2 Nxb6
22. Nxb6 Rad8 23. h4 Qg6 24. Bh3 h5 25. Qe2 Rb8 26. O-O Bd8 27. Rd1 Bxb6 28.
axb6 Rbe8 29. c4 e4 30. Rb3 Re5 31. Re3 Nh7 32. Kh2 f5 33. Re1 Nf6 34. b4 Qh6
35. Rc3 f4 36. Be6+ Kh8 37. c5 e3 38. f3 fxg3+ 39. Kg2 dxc5 40. Rxe3 Nxd5 41.
Bxd5 Rxd5 42. bxc5 Rxc5 43. Re6 Qf4 44. Re4 Qf6 45. Rd1 Rf5 46. Rd3 Qxb6 47.
Kxg3 Qg1+ 48. Kh3 R8f6  0-1

[Event "87o Campeonato Brasileiro Absoluto Final Aberta"]
[Site "Cuiaba MT"]
[Date "2021.11.02"]
[Round "8"]
[Board "18"]
[White "Federzoni, Enzo"]
[Black "Nunes Jr, Sidney"]
[Result "1-0"]
[WhiteElo "2215"]
[BlackElo "2084"]
[PlyCount "59"]
[EventDate "2021.10.28"]
[EventRounds "11"]
[EventCountry "BRA"]

1. e4 c5 2. Nf3 Nc6 3. d4 cxd4 4. Nxd4 g6 5. c4 Nf6 6. Nc3 Nxd4 7. Qxd4 d6 8.
Be2 Bg7 9. O-O O-O 10. Qd3 a5 11. Be3 a4 12. Bd4 Qa5 13. f4 Be6 14. Rab1 Rfc8
15. b3 axb3 16. axb3 Qb4 17. Kh1 Bd7 18. Bxf6 Bxf6 19. Nd5 Qc5 20. b4 Qa7 21.
Nxf6+ exf6 22. Qxd6 Be6 23. c5 f5 24. exf5 Bxf5 25. Rbe1 Rc6 26. Qd4 Re8 27.
Bc4 Rf8 28. Re7 Qb8 29. Rfe1 Rcc8 30. Qf6  1-0

[Event "87o Campeonato Brasileiro Absoluto Final Aberta"]
[Site "Cuiaba MT"]
[Date "2021.11.02"]
[Round "8"]
[Board "19"]
[White "Carstens Dobuchak, Thiago"]
[Black "Veiga, Emerson De Sousa"]
[Result "0-1"]
[WhiteElo "2179"]
[BlackElo "2072"]
[PlyCount "86"]
[EventDate "2021.10.28"]
[EventRounds "11"]
[EventCountry "BRA"]

1. e4 c5 2. Nf3 d6 3. d4 cxd4 4. Nxd4 Nf6 5. Nc3 a6 6. h3 e5 7. Nb3 h5 8. Be3
Be6 9. f4 Qc7 10. f5 Bc4 11. Bxc4 Qxc4 12. Qf3 Nbd7 13. O-O-O b5 14. Kb1 b4 15.
Nd2 Qc7 16. Nd5 Nxd5 17. exd5 Rc8 18. Rc1 Qb7 19. Rhd1 h4 20. Nb3 Qb5 21. Bf2
Be7 22. g4 hxg3 23. Qxg3 Rh7 24. Be3 a5 25. Bg5 Bxg5 26. Qxg5 a4 27. Nd2 Qxd5
28. Nf1 Qc5 29. c4 Nf6 30. Ng3 a3 31. b3 Rxh3 32. Ne2 Qe3 33. Qg2 Qe4+ 34. Qxe4
Nxe4 35. Rg1 Rh2 36. Rge1 Ke7 37. Rc2 Rch8 38. Nf4 Nc3+ 39. Rxc3 bxc3 40. Nd5+
Kd7 41. Nxc3 Rb2+ 42. Ka1 Rhh2 43. Rb1 Rbc2  0-1

[Event "87o Campeonato Brasileiro Absoluto Final Aberta"]
[Site "Cuiaba MT"]
[Date "2021.11.02"]
[Round "8"]
[Board "20"]
[White "Silva, Kaua Marques"]
[Black "Abrantes, Tiago Garrido"]
[Result "1/2-1/2"]
[WhiteElo "2086"]
[BlackElo "2178"]
[PlyCount "66"]
[EventDate "2021.10.28"]
[EventRounds "11"]
[EventCountry "BRA"]

1. e4 e5 2. Nf3 Nc6 3. Bc4 Bc5 4. c3 Nf6 5. d4 exd4 6. e5 d5 7. Bb5 Ne4 8. cxd4
Bb4+ 9. Nbd2 O-O 10. O-O Bg4 11. Qa4 Rb8 12. Bxc6 bxc6 13. Qxc6 Rb6 14. Qc2 Rg6
15. Nxe4 dxe4 16. Qxe4 f5 17. exf6 gxf6 18. Bf4 Re8 19. Qd3 Qd5 20. Nh4 Be2 21.
Qb3 Qxb3 22. axb3 Rg4 23. g3 Bxf1 24. Kxf1 a5 25. Nf5 Rxf4 26. gxf4 Re4 27. Rd1
Rxf4 28. Ne3 Rh4 29. Kg2 Bd6 30. h3 Rh5 31. Rc1 Rg5+ 32. Kf3 Rh5 33. Kg2 Rg5+
 1/2-1/2

[Event "87o Campeonato Brasileiro Absoluto Final Aberta"]
[Site "Cuiaba MT"]
[Date "2021.11.02"]
[Round "8"]
[Board "21"]
[White "Rocha, Vitor Firmo De Souza"]
[Black "Do Carmo, Gabriel Carckeno"]
[Result "1-0"]
[WhiteElo "2176"]
[BlackElo "1398"]
[PlyCount "89"]
[EventDate "2021.10.28"]
[EventRounds "11"]
[EventCountry "BRA"]

1. e4 e6 2. d4 d5 3. Nd2 Nc6 4. Ngf3 Nf6 5. e5 Nd7 6. Be2 f6 7. exf6 Qxf6 8.
Nf1 Bd6 9. Ne3 O-O 10. O-O Qg6 11. c4 Nf6 12. c5 Be7 13. Bb5 Bd7 14. Bxc6 Bxc6
15. Ne5 Qe8 16. a4 a5 17. b3 b5 18. f3 b4 19. Re1 Bb7 20. N3g4 Ra6 21. Qd3 Qc8
22. Ra2 Nd7 23. Nxd7 Qxd7 24. Ne5 Qc8 25. Rc2 c6 26. Ng4 Ra7 27. Qe3 Bf6 28.
Bb2 Re8 29. Nxf6+ gxf6 30. Qh6 Qd8 31. Rce2 Bc8 32. Bc1 Rg7 33. Bf4 Qe7 34. Bd6
Qf7 35. Kh1 Kh8 36. f4 Qg6 37. Qh4 Qd3 38. Qxf6 Qxb3 39. Bf8 Rxf8 40. Qxf8+ Rg8
41. Qf6+ Rg7 42. Re3 Qc2 43. Rg3 Qg6 44. Rxg6 hxg6 45. Qf8+  1-0

[Event "87o Campeonato Brasileiro Absoluto Final Aberta"]
[Site "Cuiaba MT"]
[Date "2021.11.02"]
[Round "8"]
[Board "22"]
[White "Alves Campelo, Danilo Cesar De L"]
[Black "Sega, Carlos Alberto"]
[Result "0-1"]
[WhiteElo "2017"]
[BlackElo "2164"]
[PlyCount "66"]
[EventDate "2021.10.28"]
[EventRounds "11"]
[EventCountry "BRA"]

1. e4 e5 2. Nf3 Nc6 3. Bb5 a6 4. Ba4 Nf6 5. O-O Be7 6. Re1 b5 7. Bb3 d6 8. h3
Na5 9. c3 Nxb3 10. axb3 Bb7 11. d3 O-O 12. Nbd2 Nd7 13. g4 d5 14. Nf1 dxe4 15.
dxe4 Nc5 16. Qxd8 Rfxd8 17. Nxe5 Nxb3 18. Rb1 Nxc1 19. Rbxc1 Bg5 20. Rc2 Re8
21. Nf3 Rxe4 22. Ra1 Bf4 23. Nd4 Rae8 24. f3 R4e7 25. b4 g6 26. Kf2 Bd6 27. Nd2
c5 28. bxc5 Bxc5 29. N2b3 Bb6 30. Raa2 Re3 31. Kg2 Rc8 32. Na5 Bd5 33. c4 bxc4
 0-1

[Event "87o Campeonato Brasileiro Absoluto Final Aberta"]
[Site "Cuiaba MT"]
[Date "2021.11.02"]
[Round "8"]
[Board "23"]
[White "Souza Dos Santos, Matheus Garcett"]
[Black "Zallio, Luciano De Souza"]
[Result "0-1"]
[WhiteElo "1999"]
[BlackElo "2163"]
[PlyCount "90"]
[EventDate "2021.10.28"]
[EventRounds "11"]
[EventCountry "BRA"]

1. e4 e6 2. d4 d5 3. Nc3 Nf6 4. e5 Nfd7 5. Nce2 c5 6. c3 Nc6 7. Nf3 Qb6 8. a3
Be7 9. Nf4 a5 10. h4 a4 11. g3 h6 12. Bh3 Nf8 13. dxc5 Bxc5 14. Nd3 Be7 15. Be3
Qc7 16. O-O Bd7 17. Qc2 Na5 18. Rfe1 Nh7 19. Rad1 O-O-O 20. Bf1 g5 21. h5 Nc4
22. Bc1 f5 23. b3 axb3 24. Qxb3 Be8 25. Nd4 Nf8 26. Be2 Qa5 27. Nb2 Nxe5 28. f4
Ned7 29. c4 Nc5 30. Qc2 Kb8 31. cxd5 Rxd5 32. Nc4 Qc7 33. Qb1 Ne4 34. Bb2 Rg8
35. Nxe6 Rxd1 36. Rxd1 Nxe6 37. Be5 Bd6 38. Nxd6 Qc5+ 39. Kh1 Nxg3+ 40. Kg2
Bc6+ 41. Bf3 Nxf4+ 42. Bxf4 gxf4 43. Qb3 Rg5 44. Nf7 Ne4+ 45. Nxg5 Qf2+  0-1

[Event "87o Campeonato Brasileiro Absoluto Final Aberta"]
[Site "Cuiaba MT"]
[Date "2021.11.02"]
[Round "8"]
[Board "24"]
[White "Vicentin, Marcos Tadeu"]
[Black "Souza, Rafael Cabral De"]
[Result "1/2-1/2"]
[WhiteElo "1961"]
[BlackElo "2162"]
[PlyCount "47"]
[EventDate "2021.10.28"]
[EventRounds "11"]
[EventCountry "BRA"]

1. e4 d6 2. Nc3 g6 3. f4 Bg7 4. Nf3 Nf6 5. d3 c5 6. Be2 Nc6 7. O-O Bg4 8. Ng5
Qd7 9. h3 Bxe2 10. Nxe2 h6 11. Nf3 O-O-O 12. c3 c4 13. Be3 Kb8 14. b4 cxd3 15.
Qxd3 Qe6 16. Ng3 Rc8 17. Rfc1 Rc7 18. a4 Rhc8 19. a5 Nd8 20. Qd4 Nc6 21. Qd3
Nd8 22. Qd4 Nc6 23. Qd3 Nd8 24. Qd4  1/2-1/2

[Event "87o Campeonato Brasileiro Absoluto Final Aberta"]
[Site "Cuiaba MT"]
[Date "2021.11.02"]
[Round "8"]
[Board "25"]
[White "Santanna, Paulo"]
[Black "Silva, Lucas Henrique Da"]
[Result "0-1"]
[WhiteElo "1894"]
[BlackElo "2158"]
[PlyCount "34"]
[EventDate "2021.10.28"]
[EventRounds "11"]
[EventCountry "BRA"]

1. d4 Nf6 2. Nc3 d5 3. Bf4 g6 4. Qd2 Bg7 5. f3 O-O 6. Bh6 c5 7. Bxg7 Kxg7 8. e3
Nc6 9. O-O-O cxd4 10. exd4 Qa5 11. g4 Rb8 12. g5 Nh5 13. Kb1 Bf5 14. Nge2 Nb4
15. Ng3 Bxc2+ 16. Kc1 Rbc8 17. Nxh5+ gxh5  0-1

[Event "87o Campeonato Brasileiro Absoluto Final Aberta"]
[Site "Cuiaba MT"]
[Date "2021.11.02"]
[Round "8"]
[Board "26"]
[White "Zanette, Edgard Vinicius"]
[Black "Gazineu Neto, Rubens"]
[Result "1-0"]
[WhiteElo "2157"]
[BlackElo "1931"]
[PlyCount "83"]
[EventDate "2021.10.28"]
[EventRounds "11"]
[EventCountry "BRA"]

1. e4 c5 2. Nf3 Nc6 3. Bb5 e6 4. Bxc6 bxc6 5. O-O d5 6. d3 Nf6 7. Qe2 Be7 8. c4
O-O 9. Nc3 Qc7 10. Re1 d4 11. Na4 e5 12. h3 Re8 13. Bd2 Nd7 14. Rab1 a5 15. Rf1
Nf8 16. Kh2 h6 17. g3 Ng6 18. Ng1 Bd6 19. f3 f5 20. Qg2 Rf8 21. Rf2 Kh7 22. Ne2
fxe4 23. fxe4 Rxf2 24. Qxf2 Be6 25. Rf1 Be7 26. Nc1 Ra7 27. Nb3 Qc8 28. Qg2 Qc7
29. Nbxc5 Bxc5 30. Nxc5 Bc8 31. a3 Qe7 32. b4 Kg8 33. Qf3 Nh8 34. Nb3 a4 35.
Nc5 Nf7 36. Qh5 Kh7 37. Kg2 Nd8 38. Rf2 Rc7 39. Nxa4 Be6 40. Nc5 Bf7 41. Qf5+
Bg6 42. Qf8  1-0

[Event "87o Campeonato Brasileiro Absoluto Final Aberta"]
[Site "Cuiaba MT"]
[Date "2021.11.02"]
[Round "8"]
[Board "27"]
[White "Damasceno, Enzo De Carvalho"]
[Black "Lage, Pedro Ferreira"]
[Result "1-0"]
[WhiteElo "1692"]
[BlackElo "2144"]
[PlyCount "65"]
[EventDate "2021.10.28"]
[EventRounds "11"]
[EventCountry "BRA"]

1. c4 Nf6 2. Nc3 g6 3. g3 Bg7 4. Bg2 O-O 5. Nf3 d6 6. O-O e5 7. d3 Nc6 8. Rb1
Re8 9. Ne1 Nd4 10. Nc2 c6 11. Bg5 h6 12. Bxf6 Bxf6 13. e3 Ne6 14. d4 exd4 15.
exd4 Nc7 16. Ne3 a5 17. Qd2 Bg7 18. Rfe1 Qf6 19. Rbd1 Bf5 20. Nxf5 Qxf5 21. Ne4
Rad8 22. d5 cxd5 23. cxd5 b6 24. b4 Nb5 25. bxa5 bxa5 26. Qxa5 Nd4 27. Qa4 Re7
28. Rxd4 Bxd4 29. Qxd4 Rb8 30. h4 Rc7 31. Nf6+ Kf8 32. Nd7+ Kg8 33. Nxb8  1-0

[Event "87o Campeonato Brasileiro Absoluto Final Aberta"]
[Site "Cuiaba MT"]
[Date "2021.11.02"]
[Round "8"]
[Board "29"]
[White "Do Valle Cardoso, Lucas"]
[Black "Silva, Guilherme Henrique De Mora"]
[Result "1-0"]
[WhiteElo "2285"]
[BlackElo "1943"]
[PlyCount "69"]
[EventDate "2021.10.28"]
[EventRounds "11"]
[EventCountry "BRA"]

1. e4 c5 2. Nf3 e6 3. Nc3 a6 4. d4 cxd4 5. Nxd4 Qc7 6. Bd3 Nf6 7. O-O Be7 8.
Be3 O-O 9. f4 d6 10. Qf3 b5 11. Rae1 Bb7 12. Kh1 Nbd7 13. a3 Nb6 14. Qh3 g6 15.
Bc1 d5 16. e5 Ne4 17. Nxe4 dxe4 18. Bxe4 Bxe4 19. Rxe4 Nc4 20. f5 exf5 21. Nxf5
Nxe5 22. Bf4 f6 23. Nd4 Qc4 24. Rfe1 Rfd8 25. b3 Qc8 26. Bxe5 fxe5 27. Ne6 Rd2
28. Rxe5 Bxa3 29. Qf3 Rb8 30. Ng5 Qd7 31. Re7 Qd5 32. Re8+ Rxe8 33. Rxe8+ Kg7
34. Ne6+ Kh6 35. Qh3+  1-0

[Event "87o Campeonato Brasileiro Absoluto Final Aberta"]
[Site "Cuiaba MT"]
[Date "2021.11.02"]
[Round "8"]
[Board "30"]
[White "Brito, Luismar"]
[Black "Felicio, Leonardo Demetrio De F."]
[Result "1-0"]
[WhiteElo "2198"]
[BlackElo "1896"]
[PlyCount "165"]
[EventDate "2021.10.28"]
[EventRounds "11"]
[EventCountry "BRA"]

1. e4 c5 2. Nf3 g6 3. d4 cxd4 4. Nxd4 Bg7 5. c4 Nc6 6. Be3 Nf6 7. Nc3 O-O 8.
Be2 d6 9. O-O Ng4 10. Bxg4 Bxg4 11. f3 Bd7 12. Qd2 Bxd4 13. Bxd4 Nxd4 14. Qxd4
Bc6 15. b4 b6 16. b5 Bb7 17. Rfc1 Rc8 18. Nd1 Qc7 19. Ne3 Qc5 20. Qd2 f5 21.
exf5 Rxf5 22. Qf2 Re5 23. Re1 d5 24. Nxd5 Rxe1+ 25. Rxe1 Bxd5 26. cxd5 Qxd5 27.
a4 e5 28. Qg3 Qd4+ 29. Kh1 Rc5 30. h3 Qxa4 31. Re4 Qa1+ 32. Re1 Rc1 33. Rxc1
Qxc1+ 34. Kh2 Qa3 35. Qg5 Qa4 36. Qxe5 Qa2 37. Kg3 Qf7 38. h4 h5 39. f4 Qb3+
40. Kh2 Qf7 41. Kg1 Qd7 42. Qg5 Kf7 43. Kh2 Qd3 44. Qe5 Qd7 45. Qe2 Qd5 46. g3
Kf6 47. Kg1 Qc5+ 48. Kf1 Qc1+ 49. Kg2 Qc3 50. Qa2 Qd4 51. Qb3 Qe4+ 52. Kf2 Qd4+
53. Kf3 Qd7 54. Qc3+ Kf7 55. Qc4+ Kf6 56. Qc3+ Kf7 57. Qe5 Qd3+ 58. Kg2 Qd2+
59. Kf1 Qd1+ 60. Kf2 Qd2+ 61. Qe2 Qxe2+ 62. Kxe2 Ke6 63. Ke3 Kf6 64. Kf2 Ke6
65. Kf3 Kf5 66. g4+ hxg4+ 67. Kg3 Ke6 68. Kxg4 Kf6 69. Kg3 Ke6 70. Kf2 Kf6 71.
Ke3 Kf5 72. Kf3 Ke6 73. Ke4 Kf6 74. f5 gxf5+ 75. Kf4 Kg6 76. h5+ Kxh5 77. Kxf5
Kh6 78. Ke6 Kg6 79. Kd6 Kf5 80. Kc6 Ke5 81. Kb7 a5 82. bxa6 b5 83. a7  1-0